000 00762nas a2200229 i 4500
001 2235
003 ES-MaACL
005 20250728100638.0
008 950801c1911 xxu | | 1 ||pa d
080 _a141.332
245 0 3 _aEl Sendero teosófico
_b: revista internacional ilustrada /
_cdir. Katherine Tingley.
260 _aPoint Loma, California :
_bThe New Century Corporation,
_c1911- (
_fThe Aryan Theosophical Press)
300 _a31 v. :
_bgrab. ;
_c27 cm.
310 _aMensual
362 0 _aT. 1, n.1 (jul. 1911)-
650 7 _aTeosofía
_2embne
_917478
700 0 _aTingley, Katherine.
_9110306
785 0 0 _aThe Theosophical Bath
_d1917
852 _aES-MaACL
_jHem-1042
866 0 _o1911-16(1917f.t.XI-XII)1918-28.
999 _c2235
_d2235